000 01278ngm a22003010a 4500
001 PT16532
003 AR-LpoUNG
005 20210202000207.0
007 vd cvaizq
008 191001s2001||||ag |||||||||||||||||spa d
037 _c$8.30
040 _aAR-LpoUNG
_bspa
_cAR-LpoUNG
_eaacr
041 _aspa
044 _aag
082 0 _a909 532v2
245 1 0 _aMesopotamia :
_bdel bronce al hierro
260 _aBuenos Aires :
_bKalender Video Argentina,
_c2001.
300 _aVHS (56 min.) : son., byn, col.
520 _aEn la primera parte se estudia el nacimiento de la primera gran civilización en la región conocida como Mesopotamia, ubicada entre los rios Tigris y Eufrates, y el gran aporte que hiciera a la historia de Occidente : la escritura en tablillas con caracteres cuneiformes. En la segunda parte se ocupa del gran salto cultural que significó el paso de la edad del bronce al hierro con sus orígenes en el centro de Europa y los cambios que ocasionó la producción de un nuevo tipo de arma.
650 4 _aANALISIS HISTORICO
650 4 _aHISTORIA
651 4 _aDOCUMENTOS TEORICOS O METODOLOGICOS
653 _aVIDEOS
653 _aVIDEOS DIDACTICOS
710 2 _aMetropolitan Museum of Art (New York)
905 _a16532
942 _cVIDEO
999 _c54313
_d54313